00920nam a2200313Ia 4500008004100000020001500041050001000056050001400066100002000080245009900100245007400199260001300273260002300286260000900309300001400318300002800332300001000360650001800370650003100388650002800419650002500447650002500472650001500497700002000512700002200532700002200554700001100576999001900587170711s9999 xx 000 0 und d a1842732390 a741.5 bD257 2001 aDavies, Paul B. 4aThe beginner's guide to drawing cartoons :a step-by-step guide to drawing fantastic cartoons / cby Paul B. Davies, Kevin Faerber, Terry Longhurst and David Pattison. aLondon : bMarks and Spencer, c2001 aunpages : bcolored illustrations ; c29cm. aCartooning -- aCartooning -- Technique -- aDrawing -- Technique -- xJuvenile literature. xJuvenile literature. xTechnique. aFaerber, Kevin. aLonghurst, Terry. aPattinson, David. aTitle. c339969d339969